| 000 | 01289cas a22002535a 4500 | ||
|---|---|---|---|
| 001 | L152182 | ||
| 008 | 110208c2010 xxkqr w ss 0 a0eng d | ||
| 035 | _a(Sirsi) u152182 | ||
| 041 | 0 | _aeng | |
| 050 | _a333.33 $2 18 | ||
| 110 | 2 |
_aBNP Paribas Real Estate _95715 |
|
| 245 | 0 | 0 |
_aInvestment in Europe _h[electronic resource] |
| 260 |
_a[S.l.] _bBNP Paribas Real Estate _c2010- |
||
| 362 | 0 | _aQ4 2009- | |
| 490 | 0 |
_aBNP Paribas Real Estate Investment in Europe _vQ4 2009 |
|
| 520 | _aComments on European investment volume movements and investment market performance. Provides tables covering investment breakdown by type of product, net office prime yield, and investment market indicators for 25 cities and submarkets. | ||
| 554 | _aQuarterly | ||
| 650 | 2 | 4 | _aBNP PARIBAS REAL ESTATE INVESTMENT IN EUROPE |
| 651 | 4 | _aEurope | |
| 690 | _aPROPERTY-COMMERCIAL PROPERTY-COMMERCIAL PROPERTY MARKET | ||
| 690 | _aPROPERTY-COMMERCIAL PROPERTY-COMMERCIAL PROPERTY FINANCE AND INVESTMENT | ||
| 856 | 4 | 0 |
_uhttps://www.realestate.bnpparibas.co.uk/pages/etudes_sectorielles/resultrecherche.php?alias=com_etude_recherche_eu&ctx=1&p=eu&l=en&s_wbg_menu=1252&l=en&r=534&t=bnppre&ctx=1&s_wbg_menu=1252&titre=1 _zView the report free of charge at www.realestate.bnpparibas.co.uk |
| 942 | _n0 | ||
| 999 |
_c119293 _d119293 |
||